000 00416nam a2200169Ia 4500
008 230524s9999 xx 000 0 und d
020 _a9788177000290
082 _a658.45
_bSHA
100 _aParitosh Sharma
_941978
245 0 _aMarketing Management
250 _a1
260 _aNew Delhi
_bDhanpati Rai
_c2011
300 _a"XVI,376p;"
500 _aQuantity Number: 1
650 _aManagement
942 _cBK
999 _c56393
_d56393